000 00562nam a2200181 i 4500
001 122675
003 ES-MaACL
005 20250323192212.0
007 t|
008 070214s1952 sp r ||||1| spa d
100 1 _aPuig Boada, Isidro.
_994253
245 1 3 _aEl templo de la Sagrada Familia
_b: síntesis del arte de Gaudí /
_cIsidro Puig Boada.
260 _aBarcelona :
_bOmega,
_c1952.
300 _a162 p., 56 lám. :
_bil. ;
_c24 cm.
600 1 4 _aGaudí, Antoni,
_d1852-1926
_955994
852 _aES-MaACL
_jD-8459
_bR.33139
999 _c122675
_d122675